THEORY OF MACHINES (Record no. 22967)

MARC details
000 -LEADER
fixed length control field 00346nam a22001577a 4500
003 - CONTROL NUMBER IDENTIFIER
control field SGT
020 ## - INTERNATIONAL STANDARD BOOK NUMBER
International Standard Book Number 9789386478047
082 ## - DEWEY DECIMAL CLASSIFICATION NUMBER
Classification number 621.81,KUM
100 ## - MAIN ENTRY--PERSONAL NAME
Personal name KUMAR VIVEK
245 ## - TITLE STATEMENT
Title THEORY OF MACHINES
250 ## - EDITION STATEMENT
Edition statement 1ST
260 ## - PUBLICATION, DISTRIBUTION, ETC. (IMPRINT)
Place of publication, distribution, etc NEW DELHI
Name of publisher, distributor, etc CBS PUBLISHERS
Year of Publication 2017
300 ## - PAGE DESCRIPTION
No. of Pages 448
653 ## - KEYWORDS--INDEX TERM
Keyword term MECHANICAL ENGINEERING
942 ## - ADDED ENTRY ELEMENTS (KOHA)
Source of classification or shelving scheme Dewey Decimal Classification
Koha item type Books
Holdings
Withdrawn status Lost status Source of classification or shelving scheme Damaged status Use restrictions Not for loan Collection code Home library Current library Shelving location Date acquired Vendor Name Cost, normal purchase price SGTU Bill Number Full call number Accession No. (Barcode) Date last seen Bill Date Koha item type Total Checkouts
    Dewey Decimal Classification   Restricted Access Not For Loan ENGINEERING SGT Engineering Library SGT Engineering Library Reference Book 29/06/2022 AHUJA BOOK COMPANY PVT.LTD 425.00 SGTU 14477 621.81,KUM FE8486 29/06/2022 19/05/2022 Books  
    Dewey Decimal Classification       ENGINEERING SGT Engineering Library SGT Engineering Library Text Book 29/06/2022 AHUJA BOOK COMPANY PVT.LTD 425.00 SGTU 14477 621.81,KUM FE8487 29/06/2022 19/05/2022 Books